Eesti peaministrid/ Prime Ministers of Estonia - Statistics

General Stats
  • This quiz has been taken 17 times
  • The average score is 6 of 10
Answer Stats
Valitsusaeg/ Time in Office Erakond/ Party Peaminister/ Prime Minister % Correct
2016- Kesk Jüri Ratas
88%
2005-2014 Reform Andrus Ansip
82%
1991-1992 Rahvarinne Edgar Savisaar
71%
1999-2002 Isamaaliit Mart Laar
71%
2014-2016 Reform Taavi Rõivas
71%
2003-2005 Res Publica Juhan Parts
65%
2002-2003 Reform Siim Kallas
59%
1995-1997 KMÜ Tiit Vähi
41%
1994-1995 Mõõdukad Andres Tarand
35%
1997-1999 KMÜ Mart Siimann
29%
No matching quizzes found
Score Distribution
Percent of People with Each Score
Percentile by Number Answered
Your Score History
You have not taken this quiz